000 00770nam a2200289Ia 4500
005 20260324134638.0
008 008 260324s9999 xx 000 0 eng d
020 _a9781315201726
037 _aEBOOK
040 _aCRL
040 _beng
040 _cCRL
041 _2eng
041 _aeng
084 _qCRL
100 _aEnrico Gualini
_91157523
245 0 _aPlanning and the Intelligence of Institutions
245 0 _bInteractive Approaches to Territorial Policy-Making Between Institutional Design and Institution-Building
260 _bTaylor and Francis
260 _c2001
365 _a
365 _b110
856 _uhttp://www.taylorfrancis.com/books/9781315201726
942 _cEBOOK
999 _c1797900
_d1797900